FC Nordsjaelland players (2010-2020) - Statistics

General Stats
  • This quiz has been taken 4 times
  • The average score is 63 of 127
Answer Stats
Rank Player Positions Nationality Matches Goals (assists) Period % Correct
21 Andreas Laudrup LW 66 7 (9) 2010-2013
100%
13 David Jensen GK 81 0 (1) 2011-2016
100%
4 Emiliano Marcondes AM 104 34 (13) 2012-2018
100%
15 Ivan Runje CB 73 2 (2) 2011-2015
100%
8 Jesper Hansen GK 99 0 (0) 2010-2014
100%
5 Joshua John LW 104 28 (18) 2012-2017
100%
40 Mathias Jensen CM 45 10 (7) 2015-2019
100%
3 Nicolai Stokholm CM 113 19 (9) 2010-2014
100%
2 Pascal Gregor CB 115 0 (0) 2012-2017
100%
42 Uffe Bech RW 43 14 (6) 2012-2015
100%
52 Abdul Mumin CB 33 1 (0) 2016-2017, 2018-2020
67%
36 Andreas Bjelland CB 50 2 (1) 2010-2012
67%
43 Andreas Granskov ST 40 7 (0) 2010-2012
67%
7 Andreas Maxsø CB 99 2 (3) 2012-2018
67%
55 Andreas Skov Olsen RW 29 19 (3) 2017-2019
67%
74 Bruninho RW 15 9 (1) 2015-2016
67%
63 Christian Køhler CM 21 1 (0) 2015-2017
67%
67 Clinton Antwi LB 19 0 (1) 2018-2020
67%
68 Daniel Jensen CB 19 0 (0) 2010-2011
67%
80 Emre Mor RW 13 2 (2) 2015-2016
67%
38 Ernest Asante RW 47 18 (11) 2016-2018
67%
26 Godsway Donyoh ST 62 24 (9) 2015-2020
67%
120 Jannich Storch GK 1 0 (0) 2011-2012
67%
53 Jens Stryger Larsen RB 30 2 (2) 2013-2014
67%
58 Jonathan Amon LW 26 3 (4) 2017-2020
67%
27 Karlo Bartolec RB 62 6 (13) 2016-2019
67%
61 Kian Hansen CB 22 2 (1) 2019-2020
67%
11 Lasse Petry CM 90 2 (2) 2011-2018
67%
28 Mads Pedersen LB 62 1 (7) 2015-2019
67%
25 Marcus Ingvartsen ST 64 21 (6) 2013-2017
67%
12 Mario Ticinovic RB 85 4 (5) 2011-2015
67%
109 Martin Frese LB 4 0 (0) 2018-2020
67%
75 Martin Hansen GK 15 0 (0) 2013-2014
67%
10 Martin Vingaard CM 91 4 (11) 2013-2016
67%
124 Mathias Nielsen CB 1 0 (0) 2010-2011
67%
49 Matti Lund Nielsen CM 36 7 (3) 2010-2012
67%
20 Michael Parkhurst CB 67 4 (12) 2010-2013
67%
47 Mikkel Beckmann ST 38 12 (3) 2011-2013
67%
29 Mikkel Damsgaard AM 56 10 (12) 2017-2020
67%
112 Mikkel Jensen RW 3 0 (0) 2012-2014
67%
84 Mohammad Adnan RW 11 0 (0) 2015-2017
67%
24 Morten Nordstrand ST 65 11 (15) 2010-2011, 2012-2015
67%
33 Nicolai Larsen GK 52 0 (0) 2018-2020
67%
110 Oliver Antman RW 4 1 (0) 2019-2020
67%
105 Oliver Villadsen RB 5 0 (0) 2019-2020
67%
1 Patrick Mtiliga LB 143 6 (14) 2011-2018
67%
56 Ramón RB 29 1 (2) 2015-2017
67%
41 Rúnar Alex Rúnarsson GK 45 0 (0) 2014-2018
67%
34 Stanislav Lobotka DM 52 0 (10) 2015-2017
67%
9 Tobias Mikkelsen RW 94 15 (15) 2010-2013, 2015-2018
67%
22 Victor Nelsson CB 66 1 (1) 2016-2019
67%
76 Abu Francis CM 14 2 (2) 2019-2020
33%
72 Adam Örn Arnarson RB 16 0 (0) 2014-2016
33%
18 Anders Christiansen CM 67 5 (8) 2012-2015
33%
86 Anders Due LM 10 1 (3) 2010-2011
33%
19 Andreas Skovgaard CB 67 0 (5) 2015-2019
33%
79 Bajram Fetai ST 13 1 (2) 2010-2011
33%
107 Bassel Jradi AM 4 0 (0) 2013-2014
33%
95 Benjamin Lund LB 7 1 (0) 2016-2017
33%
60 Benjamin Tiedemann CB 22 0 (2) 2017-2019
33%
77 Bryan Oviedo LB 14 0 (0) 2010-2011
33%
57 Christian Gytkjær ST 26 4 (3) 2010-2013
33%
92 Collins Tanor CM 8 0 (0) 2015-2018
33%
78 Conor O'Brien DM 14 1 (0) 2012-2014
33%
37 David Moberg Karlsson RW 48 5 (5) 2014-2016
33%
98 Divine Naah CM 5 0 (1) 2016-2017
33%
114 Dominic Oduro DM 2 0 (0) 2015-2017
33%
115 Emil Damgaard RB 2 0 (0) 2015-2016, 2017-2018
33%
108 Emil Lyng LW 4 1 (0) 2010-2011
33%
14 Enoch Kofi Adu DM 79 0 (3) 2010-2013
33%
111 Francisco Calvo CB 3 0 (0) 2012-2013
33%
81 Gudjón Baldvinsson ST 13 1 (0) 2014-2015
33%
51 Gudmundur Thórarinsson LB 35 1 (6) 2014-2016
33%
118 Hakan Redzep CM 1 0 (0) 2013-2014
33%
93 Hans Mulder CB 8 0 (0) 2014-2015
33%
30 Henrik Kildentoft RB 55 1 (5) 2010-2013
33%
64 Ibrahim Sadiq RW 21 2 (1) 2018-2020
33%
83 Indy Groothuizen GK 12 0 (0) 2016-2017
33%
59 Isaac Atanga RW 25 7 (4) 2019-2020
33%
116 Ivan Mesik CB 2 0 (0) 2019-2020
33%
45 Jacob Christensen DM 38 1 (1) 2018-2020
33%
99 Jacob Egeris CB 5 0 (0) 2011-2012
33%
119 Jakob Johansson ST 1 0 (0) 2016-2017
33%
91 Joachim Rothmann LW 9 0 (1) 2018-2020
33%
117 Johannes Ritter RB 2 0 (0) 2015-2016
33%
121 Jonathan Vervoort CB 1 0 (0) 2015-2016
33%
23 Jores Okore CB 65 5 (2) 2010-2013
33%
101 Kamaldeen Sulemana LW 5 1 (0) 2019-2020
33%
100 Kamal Issah DM 5 0 (0) 2012-2014
33%
39 Kasper Lorentzen CM 47 11 (9) 2011-2013, 2014-2015
33%
54 Kim Aabech ST 30 8 (3) 2013-2015
33%
46 Kristian Lindberg ST 38 3 (0) 2012-2015
33%
73 Mads Aaquist CM 16 0 (1) 2017-2018, 2019-2020
33%
122 Mads Thomsen ST 1 0 (0) 2010-2011
33%
65 Mads Thychosen RB 20 1 (5) 2019-2020
33%
17 Magnus Kofod Andersen CM 70 1 (5) 2017-2020
33%
123 Marcus Gudmann CB 1 0 (0) 2018-2019
33%
44 Mark Gundelach RB 40 1 (1) 2010-2014
33%
96 Mathias Hebo CM 6 0 (0) 2014-2016
33%
16 Mathias Rasmussen CM 71 7 (9) 2016-2020
33%
82 Michael Jakobsen CB 13 0 (0) 2013-2014
33%
32 Mikkel Rygaard CM 52 6 (15) 2017-2020
33%
102 Mohamed Diomandé CM 5 0 (1) 2019-2020
33%
87 Mohammed Fellah AM 10 0 (1) 2016-2017
33%
48 Mohammed Kudus RW 37 10 (2) 2018-2020
33%
103 Nichlas Rohde ST 5 1 (0) 2011-2012
33%
104 Nicki Bille ST 5 2 (1) 2010-2011
33%
71 Nicklas Mouritsen LB 17 0 (2) 2014-2017
33%
69 Nicklas Strunck CM 19 3 (0) 2017-2020
33%
97 Nicolai Johannesen LB 6 0 (0) 2012-2014
33%
88 Nikolai Baden ST 10 3 (0) 2017-2019
33%
89 Oğuz Han Aynaoğlu LW 10 1 (0) 2010-2013
33%
50 Oliver Thychosen LW 36 3 (2) 2013-2016
33%
62 Patrice Bernier DM 22 1 (1) 2010-2011
33%
85 Patrick Da Silva LB 11 0 (1) 2017-2018
33%
125 Peter Vindahl GK 1 0 (0) 2019-2020
33%
126 Philip Rasmussen CM 1 0 (0) 2010-2011
33%
70 Pierre Neurath Bengtsson LB 19 0 (4) 2010-2011
33%
127 Ragnvald Soma CB 1 0 (0) 2012-2013
33%
31 Rawez Lawan AM 55 6 (3) 2010-2013
33%
90 Ricardo Bueno ST 10 0 (1) 2012-2013
33%
106 Seejou King LB 5 0 (0) 2011-2012
33%
6 Søren Christensen AM 101 16 (8) 2010-2015
33%
94 Souheib Dhaflaoui AM 8 0 (0) 2015-2016
33%
113 Tochi Chukwuani CM 3 0 (0) 2019-2020
33%
35 Ulrik Yttergård Jenssen LB 52 4 (2) 2017-2020
33%
66 Viktor Tranberg CB 20 0 (0) 2016-2018
33%
No matching quizzes found
Score Distribution
Percent of People with Each Score
Percentile by Number Answered
Your Score History
You have not taken this quiz